Nociones de astronomía (Registro nro. 309936)

Detalles MARC
000 -ENCABEZADO
Número de control [NR] 01462nam a2200265 4500
005 - FECHA Y HORA DE LA ÚLTIMA TRANSACCIÓN
control field 20180522081736.0
008 - DE LONGITUD FIJA DE DATOS DE ELEMENTOS - INFORMACIÓN GENERAL
Elementos de longitud fija [NR] 180522s1924 xxua|||fr|||| 001 0 spa d
040 ## - FUENTE DE CATALOGACION [NR]
Agencia de catalogación original [NR] CO-BoUCM
Idioma de catalogación [NR] spa
Quien Cataloga Sandra Yazo
Quien Clasifica Sandra Yazo
041 0# - CODIGO DE IDIOMA [R]
Código de idioma para texto/pista de sonido o título separado [R] Español
082 04 - NUMERO DE CLASIFICACION DECIMAL DEWEY [R]
Número de la edición [NR] 20
Número de clasificación [R] 520
092 ## - SIGNATURA TOPOGRAFICA LOCAL
Número de clasificación local E46N043
100 1# - ASIENTO PRINCIPAL--NOMBRE PERSONAL [NR]
Nombre personal [NR] Lockyer, Norman Joseph
Títulos u otras palabras asociadas al nombre [R] Sir,
Fechas asociadas con el nombre [NR] 1836-1920‏
ID Autoridad 92559
245 10 - MENCION DE TITULO [NR]
Título [NR] Nociones de astronomía
Mención de responsabilidad, etc. [NR] por Norman Lockyer
260 ## - PUBLICACION, DISTRIBUCION, ETC. (PIE DE IMPRENTA) [R]
Lugar de publicación, distribución, etc. [R] Nueva York (Estados Unidos)
Nombre del editor, distribuidor, etc. [R] D. Appleton y compañía
Fecha de publicación, distribución, etc. [R] 1924
300 ## - DESCRIPCION FISICA [R]
Extensión [R] xiv, 149 páginas
Otros detalles físicos [NR] ilustraciones
Dimensiones [R] 16 x 11 cm.
490 #0 - MENCION DE SERIE [R]
Mención de serie [R] Castillas científicas
500 ## - NOTA GENERAL [R]
Nota general [NR] Detalles físicos: Encuadernación rígida (holandesa) en cartón forrado en papel. Lomo de tela texturizada. Tapa delantera impresa, con datos de la impresión. Guardas. Anteportada y al verso frontispicio con grabado (cráter lunar). Portada impresa en una sola tinta. Texto impreso en una sola columna, con diversos tipos y tamaños de letras. Ilustraciones entre del texto. Papel oxidado
505 0# - NOTA DE CONTENIDO CON FORMATO PREESTABLECIDO [R]
Nota de contenido con formato preestablecido [NR] Introducción ; La tierra y sus movimientos ; La luna y sus movimientos ; El sistema solar ; El sol, la estrella más próxima ; Las estrellas ; Posiciones de los cuerpos celestes ; Movimientos de los cuerpos celestes
506 ## - NOTA DE RESTRICCIONES DE ACCESO [R]
Condiciones de acceso [NR] Consulta en sala
650 #7 - ASIENTO SECUNDARIO DE MATERIA - TERMINO TEMATICO [R]
9 (RLIN) 9691
Término temático o nombre geográfico como elemento de entrada [NR] Astronomía
Subdivisión de forma [R] Libros de texto
650 #7 - ASIENTO SECUNDARIO DE MATERIA - TERMINO TEMATICO [R]
9 (RLIN) 24599
Término temático o nombre geográfico como elemento de entrada [NR] Sistema solar
650 #7 - ASIENTO SECUNDARIO DE MATERIA - TERMINO TEMATICO [R]
9 (RLIN) 21634
Término temático o nombre geográfico como elemento de entrada [NR] Planetas
690 ## - ASUNTO AGREGADO LOCAL DE ENTRADA - TÉRMINO TEMÁTICO (OCLC, RLIN)
Acceso temático local Ciencias naturales
9 (RLIN) 10813
942 ## - ELEMENTOS DE ENTRADA AGREGADOS (KOHA)
Sistema de clasificación LOCAL
Tipo de ítem principal el descrito en 300a Libro
Edición 1
Clasificación E46N043
Existencias
Suprimido Perdido Sistema de clasificación Dañado No prestable Tipo de ítem específico Ubicación habitual Ubicación actual Localización Fecha de creación Forma de adquisición Costo Total préstamos Signatura topográfica Código de barras Última vez visto Ejemplar Price effective from Tipo de ítem
    LOCAL     Libro archivo Archivo Histórico Archivo Histórico Archivo histórico 22/05/2018 Donación 0.00   E46N43 L006596 22/05/2018 Ej.1 22/05/2018 Libro